| 000 | 00457nam a22001577a 4500 | ||
|---|---|---|---|
| 008 | 230511b |||||||| |||| 00| 0 eng d | ||
| 040 |
_aNational Science Library _cNational Science Library |
||
| 080 |
_a91-201 _bK5 |
||
| 245 |
_aCities: _bA scientific American book |
||
| 260 |
_aNew York: _bAlfred A Knopf, _c1966 |
||
| 300 | _ax, 211p. | ||
| 650 | _aGeography | ||
| 653 | _aHuman population | ||
| 700 | _aPiel, Gerard (Ed.) | ||
| 942 |
_2udc _cREF |
||
| 999 |
_c29160 _d29160 |
||